MARC details
| 000 -LEADER |
| campo de control de longitud fija |
01942nam a2200397 4500 |
| 001 - NÚMERO DE CONTROL |
| campo de control |
121026 |
| 003 - IDENTIFICADOR DE NÚMERO DE CONTROL |
| campo de control |
ES-MaACL |
| 005 - FECHA Y HORA DE LA ÚLTIMA TRANSACCIÓN |
| campo de control |
20250826063142.0 |
| 007 - CAMPO FIJO DE DESCRIPCIÓN FÍSICA--INFORMACIÓN GENERAL |
| campo de control de longitud fija |
t| |
| 008 - DATOS DE LONGITUD FIJA--INFORMACIÓN GENERAL |
| campo de control de longitud fija |
070214e1972 sp a||||r l00|10dspa |
| 017 ## - NÚMERO DE COPYRIGHT O DE DEPÓSITO LEGAL |
| Número de copyright o de depósito legal |
T 2875-1972 |
| Agencia que asigna |
Oficina Depósito Legal Tarragona |
| 080 ## - NÚMERO DE LA CLASIFICACIÓN DECIMAL UNIVERSAL |
| Número de la Clasificación Decimal Universal |
061.75(460.237 Torredembarra)"1972":07(460) |
| 080 ## - NÚMERO DE LA CLASIFICACIÓN DECIMAL UNIVERSAL |
| Número de la Clasificación Decimal Universal |
07(460):061.75(460.237 Torredembarra)"1972" |
| 080 ## - NÚMERO DE LA CLASIFICACIÓN DECIMAL UNIVERSAL |
| Número de la Clasificación Decimal Universal |
908(467.4 Torredembarra) |
| 080 ## - NÚMERO DE LA CLASIFICACIÓN DECIMAL UNIVERSAL |
| Número de la Clasificación Decimal Universal |
070.487(460)"18" |
| 111 2# - ENTRADA PRINCIPAL--NOMBRE DE CONGRESO/REUNIÓN |
| Nombre de congreso/reunión o jurisdicción como elemento de entrada |
Premio Nacional de Periodismo Juan Mañé y Flaquer |
| Número del congreso/reunión o número de parte o sección |
(3º. |
| Fecha del congreso o de la firma del tratado |
1972. |
| Sede del congreso/Lugar de la reunión |
Torredembarra) |
| 9 (RLIN) |
135177 |
| 245 10 - MENCIÓN DEL TÍTULO |
| Título |
Premio Nacional de Periodismo Juan Mañé y Flaquer / |
| Mención de responsabilidad, etc. |
convocado por el Centro de Iniciativas y Turismo de Torredembarra |
| 246 1# - FORMA VARIANTE DEL TITULO |
| Título propio/Titulo breve |
Estudio o ensayo sobre periodismo humorístico en el siglo XIX |
| 246 1# - FORMA VARIANTE DEL TITULO |
| Título propio/Titulo breve |
Crónicas, reportajes o ensayos sobre Torredembarra |
| 260 ## - PUBLICACIÓN, DISTRIBUCIÓN, ETC. |
| Lugar de publicación, distribución, etc. |
Tarragona : |
| Nombre del editor, distribuidor, etc. |
[Pastor Publicidad, |
| Fecha de publicación, distribución, etc. |
1972] |
| 300 ## - DESCRIPCIÓN FÍSICA |
| Extensión |
223 páginas : |
| Otras características físicas |
ilustraciones ; |
| Dimensiones |
25 cm |
| 505 0# - NOTA DE CONTENIDO CON FORMATO |
| Nota de contenido con formato |
Estudio o ensayo sobre periodismo humorístico en el siglo XIX: Josep Maria Cadena, 5 trabajos publicados en el "Diario de Barcelona". Crónicas, reportajes o ensayos sobre Torredembarra: José Julián García Lana, con 5 trabajos |
| 650 #7 - PUNTO DE ACCESO ADICIONAL DE MATERIA--TÉRMINO DE MATERIA |
| Término de materia o nombre geográfico como elemento de entrada |
Prensa satírica- |
| Subdivisión geográfica |
España |
| Fuente del encabezamiento o término |
embne |
| 9 (RLIN) |
242054 |
| 650 #4 - PUNTO DE ACCESO ADICIONAL DE MATERIA--TÉRMINO DE MATERIA |
| Término de materia o nombre geográfico como elemento de entrada |
Periódicos- |
| Subdivisión geográfica |
España- |
| Subdivisión cronológica |
S.XIX |
| 9 (RLIN) |
145487 |
| 650 #4 - PUNTO DE ACCESO ADICIONAL DE MATERIA--TÉRMINO DE MATERIA |
| Término de materia o nombre geográfico como elemento de entrada |
Periodismo- |
| Subdivisión geográfica |
España- |
| Subdivisión cronológica |
S.XIX |
| 9 (RLIN) |
161039 |
| 651 #4 - PUNTO DE ACCESO ADICIONAL DE MATERIA--NOMBRE GEOGRÁFICO |
| Nombre geográfico |
Torredembarra- |
| Subdivisión general |
Descripción |
| 9 (RLIN) |
242050 |
| 700 1# - ENTRADA AGREGADA--NOMBRE PERSONAL |
| Nombre de persona |
Cadena, Josep M. |
| Fechas asociadas al nombre |
1935- |
| Término indicativo de función/relación |
Autor |
| 9 (RLIN) |
143876 |
| 700 1# - ENTRADA AGREGADA--NOMBRE PERSONAL |
| Nombre de persona |
García Lana, José Julián |
| Término indicativo de función/relación |
Autor |
| 9 (RLIN) |
242056 |
| 710 1# - ENTRADA AGREGADA--NOMBRE DE ENTIDAD CORPORATIVA |
| Nombre de entidad corporativa o nombre de jurisdicción como elemento de entrada |
Torredembarra. |
| Unidad subordinada |
Ayuntamiento. |
| -- |
Centro de Iniciativas y Turismo |
| Término indicativo de función/relación |
entidad responsable |
| 9 (RLIN) |
6972 |
| 740 02 - ENTRADA AGREGADA--TÍTULO RELACIONADO/ANALÍTICO NO CONTROLADO |
| Título relacionado o analítico no controlado |
Estudio o ensayo sobre periodismo humorístico en el siglo XIX |
| 740 02 - ENTRADA AGREGADA--TÍTULO RELACIONADO/ANALÍTICO NO CONTROLADO |
| Título relacionado o analítico no controlado |
Crónicas, reportajes o ensayos sobre Torredembarra |
| 852 4# - LOCALIZACIÓN |
| Ubicación |
ES-MaACL |
| Sublocalización o colección |
R.83545 |
| Ubicación en estantería |
Depósito 2 |
| Número de control de estantería |
C-45571 |
| 942 ## - ELEMENTOS DE ENTRADA SECUNDARIOS (KOHA) |
| Fuente del sistema de clasificación o colocación |
Clasificación decimal universal |
| Tipo de ítem Koha |
Libro impreso |
| Suprimir en OPAC |
No |